Statystyki dla Wszystkie współczesne kraje kiedykolwiek kontrolowane przez Seldżuków

Kliknij tutaj aby rozwiązać quiz!

Ogólne statystyki

  • Ten quiz został rozwiązany 1 435 razy
  • Średni wynik to 23 z 24

Odpowiedzi na mapie

Odpowiedzi skodowane kolorowo w zielono-czerwonej skali na mapie do tego quizu, zgodnie z poniższymi procentami.
 

Statystyki odpowiedzi

Państwo% Poprawnych
Irak
99%
Iran
99%
Turcja
99%
Izrael
98%
Gruzja
97%
Pakistan
97%
Afganistan
96%
Arabia Saudyjska
96%
Armenia
96%
Azerbejdżan
96%
Indie
96%
Kazachstan
96%
Oman
96%
Syria
95%
Zjednoczone Emiraty Arabskie
95%
Chiny
94%
Jordania
94%
Tadżykistan
94%
Kirgistan
93%
Rosja
93%
Turkmenistan
93%
Uzbekistan
93%
Kuwejt
92%
Liban
91%

Rozkład punktacji

Percentyl według liczby udzielonych odpowiedzi

Procent ludzi z każdym wynikiem

Twoja historia wyników

Nie rozwiązałeś tego quizu